Libro de la flora vascular rara, endemica o amenazada de la comunidad Valenciana

Αποθηκεύτηκε σε:
Λεπτομέρειες βιβλιογραφικής εγγραφής
Άλλοι συγγραφείς: Aguilella Palasi, Antoni
Μορφή: Βιβλίο
Γλώσσα:Spanish
Δημοσίευση: [Χ.τ.] : Generalitat Valenciana conselleria de medi ambient, 1994
Έκδοση:1a ed.
Θέματα:
Ετικέτες: Προσθήκη ετικέτας
Δεν υπάρχουν, Καταχωρήστε ετικέτα πρώτοι!

MARC

LEADER 00000cam a2200000 i 4500
001 1/57347
008 071009s1994 spa d
020 |a 84-482-0713-0 
035 |l 10091302 
040 |a GR-MY-UA  |b gre  |e aacr 
041 0 |a spa 
082 0 |a 582.13094676  |2 (22) 
245 1 0 |a Libro de la flora vascular rara, endemica o amenazada de la comunidad Valenciana /  |c Antoni Aguilella Palasi ... [και ά.] ; direccion y coordinacion Emilio Laguna Lumbreras 
250 |a 1a ed. 
260 |a [Χ.τ.] :   |b Generalitat Valenciana conselleria de medi ambient,   |c 1994 
300 |a 274 σ.;  |b έγχρ. εικ.;  |c 22 εκ. 
504 |a Βιβλιογραφία: σ. 231-226 
650 0 0 |a Wild flowers  |z Spain  |x Identification. 
700 1 |a Aguilella Palasi, Antoni. 
852 |a INST  |b LESVOS  |e 20071009  |h 582.13094676 LIB  |p 005100041031  |q 005100041031  |t BK  |y 0 
901 |a BIBL1-2007-3 
909 |a Λ  |b 137460 
970 |a ΚΑΡΑ  |b ΓΙΑΣΕΜΗ  |z 2007/10/09